Personnages commençant par la lettre I - Statistiques

Statistiques générales
  • Ce quiz a été pris 67 fois
  • Le résultat moyen est 7 sur 15
Statistiques - réponses
Par images Réponse % Correct
Idefix
98%
Indiana Jones
95%
Inspecteur Gadget
95%
Iron Man
95%
Indestructibles
90%
Igor
63%
Iago
53%
Itchy
43%
Ielosubmarine
23%
Igor Karkaroff
23%
Itachi Uchiwa
23%
Iroh
8%
Isabela Madrigal
8%
Iridessa
5%
Imelda Rivera
3%
Aucun quiz correspondant
Distribution des résultats
% des personnes avec chaque résultat
Percentile par nombre de réponses
Votre historique - résultats
Vous n’avez pas pris ce quiz